| 000 | 00651nam a2200181 i 4500 | ||
|---|---|---|---|
| 001 | 51849 | ||
| 003 | ES-MaACL | ||
| 005 | 20240225063049.0 | ||
| 007 | t| | ||
| 008 | 030820s1916 ag ||||1| spa d | ||
| 100 | 1 |
_aDarío, Rubén, _d1867-1916 _942720 |
|
| 245 | 1 | 0 |
_aAlgunos poemas de Rubén Darío / _cComentario de Alvaro Melián Lafinur (leído en el "Conservatorio de Música de Buenos Aires" el sabado 15 de julio de 1916). |
| 260 |
_aBuenos Aires : _b[Gurina & Cia.], _c1916 ( _fFerrari Hnos.) |
||
| 300 |
_a36 p. ; _c18 cm. |
||
| 700 | 0 |
_aMelián Lafinur, Alvaro. _979965 |
|
| 852 |
_aES-MaACL _j1526-F-3 |
||
| 999 |
_c51849 _d51849 |
||